[Event "Rohde op 10th"]
[Site "Sautron"]
[Date "2010.10.29"]
[Round "8"]
[White "Berczes, David"]
[Black "Maiorov, Nikita"]
[Result "1-0"]
[WhiteElo "2520"]
[BlackElo "2546"]
[Annotator "Primel,D"]
[PlyCount "53"]
[EventDate "2010.10.23"]
[EventType "swiss"]
[EventRounds "9"]
[EventCountry "FRA"]
[SourceTitle "EXT 2012"]
[Source "ChessBase"]
[SourceDate "2011.11.24"]
[SourceVersion "1"]
[SourceVersionDate "2011.11.24"]
[SourceQuality "1"]

1. d4 Nf6 {01h40+30s} 2. c4 e6 3. Nf3 b6 4. g3 Bb7 5. Bg2 Be7 6. Nc3 O-O 7. Qc2
{[%cal Ge2e4]} (7. O-O {La grande ligne}) 7... c5 8. d5 {Un thème courant dans
cette structure} exd5 9. Nh4 {[%cal Gh4f5,Gg2b7,Gc4d5]} ({RR} 9. cxd5 Na6 10.
Nh4 d6 11. Nf5 Re8 12. Nxe7+ Qxe7 13. O-O b5 14. Bg5 Nc7 15. Qf5 Qd7 16. Qxd7
Nxd7 17. Ne4 Bxd5 18. Nxd6 Rxe2 19. Nxb5 Nxb5 20. Bxd5 Rb8 21. Rfe1 Nd4 22.
Rxe2 Nxe2+ 23. Kf1 Rxb2 {Gelfand,B (2737)-Topalov,V (2780)/Nice 2008/CBM 123
Extra/1/2-1/2 (47)}) (9. Ng5 h6 10. Nxd5 (10. h4 {[%csl Gh1]} Na6 $13 {
Grischuk,A (2715)-Adams,M (2729) ESP-chT finals 2007 (1) 1-0})) 9... Nc6 {01h31
} (9... b5 $5 {la ligne critique pour redonner le P dans des bonnes conditions}
) 10. cxd5 Nd4 {01h31} 11. Qd3 {Ressort une vieille ligne mais les Noirs vont
y répondre а tempo} (11. Qd1 {Le coup habituel} Ne8 12. Nf3 Nxf3+ 13. Bxf3 d6
14. O-O Nc7 15. Qc2 b5 16. Rd1 Qd7 17. a3 f5 18. b3 Bf6 19. Bb2 Rac8 20. e3 Qf7
21. Qd2 a6 22. Ra2 Rce8 23. b4 Na8 24. Ne2 Nb6 25. Bxf6 Qxf6 {Mozharov,M (2451)
-Korotylev,A (2594)/Moscow 2010/Mega2010 Update 16/1/2-1/2 (38)}) 11... Qc8
$146 {01h27 La préparation des Noirs} ({RR} 11... Ng4 12. d6 Ne5 13. Qd1 Bxh4
14. Bxb7 Rb8 15. Bg2 Bf6 16. O-O b5 17. f4 Ng6 18. e4 Qc8 19. Nd5 Bd8 20. e5
Qa6 21. h4 Re8 22. h5 Nf8 23. b4 Qa4 24. bxc5 Qc4 25. Bb2 Nf5 26. Rc1 {Ader
Hausman,W-Cristia,J/Vina del Mar 1945/HCL/1-0}) 12. Be3 Ne8 $6 {[%cal Ge7h4]
56""} (12... Ba6 $5 {Semblait davantage dans l'esprit de Qc8} 13. Qd2 Re8 14.
O-O Bf8 15. Rac1 {[%cal Gb2b4,Gc1c8,Ge3d4]} Nb5 {[%cal Gb5d6]} 16. Nxb5 (16.
Nf5) 16... Bxb5 17. Rfe1 d6 $11) 13. Bxd4 cxd4 {44""} 14. Nf5 $1 $36 Bc5 15.
Nxd4 {Les Noirs n'ont pas de compensations} Nd6 {39"" N.MAIOROV est rarement
en zeitnot et son retard а la pendule dans cette partie est un signe qu'il
n'est pas très а l'aise} 16. O-O $16 Ba6 {39""} 17. Qd1 Qd8 {27""} 18. Qa4 Bc4
19. Rfd1 a6 20. Qc2 a5 21. Ne4 Rc8 {[%cal Gc8c2] 21""} 22. Nxd6 Bxd6 {22""} 23.
Nf5 $1 Bb8 $2 (23... Bxd5 $2 24. Qd3 {[%csl Rd5,Rd6]}) (23... Qf6 $8 24. Nxd6
Qxd6 25. b3 (25. Rac1 {[%cal Gb2b3]} Qb8 26. b3 Bxd5 27. Qd3) 25... Bb5 (25...
Bxd5 26. Qd3) 26. Qd2 {Les Blancs sont nettement mieux mais c'est encore loin
d'être gagné}) 24. d6 $1 Rc5 {06mn55s} 25. Ne7+ Kh8 26. Rd4 b5 27. Qxh7+ 1-0

[Event "EU-Cup 07th round of 32"]
[Site "Edinburgh"]
[Date "1989.04.16"]
[Round "1.2"]
[White "Pinter, Jozsef"]
[Black "Thomson, Craig SM"]
[Result "1-0"]
[WhiteElo "2555"]
[BlackElo "2335"]
[Annotator "Pritchett,C"]
[PlyCount "65"]
[EventDate "1990.04.15"]
[EventType "team-match"]
[EventRounds "2"]
[EventCountry "SCO"]
[SourceTitle "EXT 2017"]
[Source "ChessBase"]
[SourceDate "2016.10.25"]
[SourceVersion "1"]
[SourceVersionDate "2016.10.25"]
[SourceQuality "1"]
[WhiteTeam "Budapest Honved"]
[BlackTeam "Wandering Dragons"]
[WhiteTeamCountry "HUN"]
[BlackTeamCountry "SCO"]

1. d4 Nf6 2. c4 e6 3. Nf3 b6 4. g3 Bb7 5. Bg2 Be7 6. Nc3 Ne4 7. Bd2 Bf6 8. Rc1
Bxd4 $6 {Black should prefer 8 . . . 0-0. White usually plays 8 0-0, and Black
is fatally attracted to the false idea that he has committed a tactical error.}
9. Nxd4 Nxc3 10. Bxb7 Nxd1 11. Rxd1 e5 (11... c6 12. Bxa8 O-O 13. Bf4 Na6 14.
Bb7 Nc5 15. Nxc6 Qe8 16. Ne5 Nxb7 17. Nxd7 {and white gains a material plus})
12. Nf5 g6 13. Ng7+ Kf8 $5 (13... Ke7 14. Bxa8 h5 15. Bc3 Kf6 16. f4 Kxg7 17.
fxe5 Re8 18. O-O $1 {and White threatens 20. e6+ and 21. Bd5 +-}) 14. Bh6 Ke7
15. f4 $1 {This fine move permits the rapid entry of White's king's rook into
the attack.} exf4 16. O-O Nc6 17. Rxf4 f6 18. Re4+ Ne5 19. Bxa8 Qxa8 20. Rxe5+
$1 {White finishes the game quite brilliantly. He forces Black's king to the
back rank, where it blocks his rook out of the game and leaves White's pieces
with overwhelming threats,} fxe5 21. Bg5+ Kf8 22. Rxd7 Qc6 23. Rxc7 $1 Qd6 (
23... Qxc7 24. Ne6+ Kf7 25. Nxc7 Rc8 26. Nb5 $18) 24. Bh6 $1 {Threatening a
decisive discovered check, of if 24 . . . Kg8 25 Ne8 and wins.} Qd4+ 25. Kf1
Qd1+ 26. Kf2 Qd4+ 27. Kf3 Qd1 28. Rxa7 Qf1+ 29. Ke4 Qxe2+ 30. Kd5 Qxh2 31. Ne6+
Ke8 32. Kd6 $1 {Black's desperate queen checks have only driven White's king
into a decisive support role. Black now sportingly co-operates in a fitting
suicide mate.} Qxh6 33. Re7# 1-0

[Event "Torshavn op 3rd"]
[Site "Torshavn"]
[Date "2000.10.14"]
[Round "9"]
[White "Psakhis, Lev"]
[Black "Johannessen, Leif Erlend"]
[Result "1-0"]
[WhiteElo "2611"]
[BlackElo "2422"]
[Annotator "Psakhis,L"]
[PlyCount "47"]
[EventDate "2000.10.06"]
[EventType "swiss"]
[EventRounds "9"]
[EventCountry "FAI"]
[SourceTitle "CBM 078 Extra"]
[Source "ChessBase"]
[SourceDate "2000.11.10"]
[SourceVersion "1"]
[SourceVersionDate "2000.11.10"]
[SourceQuality "1"]

1. d4 e6 2. Nf3 Nf6 3. g3 b6 4. Bg2 Bb7 5. c4 Be7 6. O-O O-O 7. b3 d5 8. cxd5
exd5 9. Nc3 Na6 10. Bb2 c5 11. Rc1 (11. Ne5 Re8 12. Rc1 Nc7 (12... Bf8 13. Nd3
Qe7 14. dxc5 bxc5 15. Na4 Ne4 16. e3 Rad8 17. Re1 Qg5 18. Qc2 c4 19. Nf4 Nb4
20. Qd1 Nxa2 $15) 13. dxc5 bxc5 14. Na4 Ne6 15. Nd3 Nd7 16. Rc2 Rc8 17. Qa1 Qa5
18. Rfc1 Qa6 19. Ne5 Nxe5 20. Bxe5 d4 $15 {Itkis-Psakhis,L Tallinn rapid 1988})
11... Qd7 (11... Rc8 12. Qd3 Nc7 13. Rfd1 Re8 14. Qb1 Bd6 15. dxc5 bxc5 16. e3
Qe7 17. Rd2 g6 18. Rcd1 Rcd8 19. Ba1 Nd7 20. h4 Nb6 {0-1 Galinsky,T-Malakhatko,
V/Polanica Zdroj op 1999 (32)}) (11... Nc7 12. dxc5 bxc5 13. Na4 Ne4 14. Nd2
Ne6 15. Nxe4 dxe4 16. Qc2 f5 17. Rfd1 Qc8 18. b4 $1 $36 {1-0 Larsen,B-Slipak,S/
Buenos Aires 1983 (28)}) (11... Ne4 12. dxc5 Nxc3 13. Bxc3 bxc5 14. Qd3 Qb6 15.
e3 Nc7 16. Rfd1 Rfd8 17. Qf5 a5) (11... Re8 12. Qc2 Bf8 13. Rfd1 h6 14. Qb1 Qe7
15. e3 Rad8 16. Ne5 Nc7 17. Ne2 Ne6 18. g4 cxd4 19. Nxd4 Nxd4 20. Bxd4 Ne4 $13
{1-0 Suba-Psakhis,L/Tallinn 1983 (44)}) 12. Ne5 $146 (12. Qc2 Rfd8 13. Rfd1 Qe8
14. Qb1 Nc7 15. dxc5 bxc5 16. Na4 Ne6 17. e3 Rac8 18. Ne5 Ba8 {Etruk,
R-Lisitsyn,G/Riga 1968/1/2-1/2 (69)}) 12... Qe6 13. Nd3 Rfd8 14. e3 Rab8 (14...
cxd4 15. exd4 (15. Nf4 $2 dxc3 16. Nxe6 cxb2 17. Nxd8 bxc1=Q 18. Qxc1 Rxd8 $15)
15... Ne4 16. Nf4 $14) 15. Ne2 Ne4 16. Nef4 Qh6 (16... Qf5 $5) 17. Ne5 (17. Qh5
Qxh5 18. Nxh5 Nb4 $5 $13) 17... Bd6 18. dxc5 (18. Ng4 Qg5 19. f3) 18... bxc5 (
18... Naxc5 $5) 19. Ng4 Qg5 20. f3 Bc8 $4 (20... Nf6 21. h4 $18) (20... Nxg3 $1
21. hxg3 h5 22. Nf2 Qxg3 23. N2h3 d4 24. Qe1 $16) 21. h4 Qf5 22. Nh6+ $1 gxh6
23. fxe4 dxe4 24. Bh3 (24. Bh3 Qxh3 25. Nxh3 Bxh3 26. Qh5 Bxf1 27. Rxf1 $18 {
[%cal Rh5f7,Rh5h6]}) 1-0

[Event "Moscow Aeroflot op"]
[Site "Moscow"]
[Date "2002.02.10"]
[Round "9"]
[White "Psakhis, Lev"]
[Black "Yemelin, Vasily"]
[Result "1-0"]
[WhiteElo "2572"]
[BlackElo "2522"]
[Annotator "Psakhis,L"]
[PlyCount "87"]
[EventDate "2002.02.04"]
[EventType "swiss"]
[EventRounds "9"]
[EventCountry "RUS"]
[SourceTitle "CBM 088"]
[Source "ChessBase"]
[SourceDate "2002.03.21"]
[SourceVersion "1"]
[SourceVersionDate "2002.03.21"]
[SourceQuality "1"]

{This game was played in the last round, and we both had to win it desperately.
} 1. d4 Nf6 2. Nf3 e6 3. c4 b6 4. g3 Bb7 5. Bg2 Be7 6. Nc3 Ne4 7. Bd2 Bf6 8.
Qc2 Nxd2 9. Qxd2 d6 (9... c5 10. d5 O-O 11. O-O exd5 12. Nxd5 Bxd5 13. Qxd5 Nc6
14. Qd2 Qe7 15. Rad1 Rad8 16. b3 a6 17. e3 b5 18. Qe2 Rb8 {Safin,S-Timoshenko,
G/Cappelle la Grande op 1999/1/2-1/2 (40)}) 10. d5 (10. Rd1 Nd7 11. Qc2 g6 12.
h4 Bg7 13. h5 a6 14. Kf1 Qe7 15. Nd2 Bxg2+ 16. Kxg2 O-O 17. Nf3 f5 18. hxg6
hxg6 19. Qd2 b5 20. Qe3 c6 {Romanishin,O-Naumkin,I/Reggio Emilia 2001/CBM 81/
[Ftacnik]/1-0 (40)}) 10... e5 ({After} 10... O-O {White can get small and
stable advantage -} 11. Nd4 e5 (11... Bxd4 12. Qxd4 e5 13. Qd2 f5 14. f4 $1
exf4 15. Qxf4 Nd7 16. O-O $14 {1-0 Maherramzade,J-Allahverdiev,A/Baku 1998/
Vaiser (60)}) 12. Nc6 Qd7 13. Nxb8 Rfxb8 14. h4 a5 15. a4 $1 Rf8 16. e4 $14 {
1-0 Karpov,A-Jussupow,A/Tilburg 1993/Inf 59 (57)}) 11. h4 $1 {[%mdl 32] Good
move, White don't need to be in hurry with castle, first I wanted to put pawn
on h5 and bishop on h3.} (11. O-O O-O $13) 11... h5 $146 {Novelty} (11... Nd7
12. e4 (12. Bh3 a5 13. Qc2 Nc5 14. Rb1 Bc8 15. Kf1 Bxh3+ 16. Rxh3 Qd7 17. Kg2
h5 18. e4 g6 19. Qe2 Be7 20. Nb5 $14 {Stangl,M-Hracek,Z/Brno B 1991/0-1 (55)})
12... a6 13. O-O O-O 14. Bh3 Bc8 15. Kg2 Be7 16. Qe2 Nf6 17. Bxc8 Qxc8 18. Ne1
Qg4 19. Qxg4 Nxg4 20. Nc2 g6 21. f3 $14 {Magerramov,E-Timoshchenko,G/Oberwart
op 1994/1-0 (49)}) 12. Bh3 Nd7 13. e4 a5 14. b3 ({Worse considering} 14. O-O $5
a4 $140 15. Qc2 Nc5 16. b4) 14... g6 15. O-O Bg7 16. Qe2 (16. Ne1 $5 {[%cal
Ge1d3]}) 16... Bh6 17. Ne1 O-O 18. a3 (18. Nd3 Nc5) 18... Nf6 (18... Nc5 19.
Rb1 a4 20. b4 Nb3 21. Nf3 $5 {[%csl Ra4]}) 19. Nd3 Ne8 $1 {[%cal Ge8g7,Gf7f5]
Interesting plan, knight comes to g7 where from it supposts counterplsy with f5
} 20. Kh2 Ba6 {[%cal Ga5a4]} 21. a4 $5 {I didn't believed, that White could
get real chances on the Q side and wanted to stop possible a4} Ng7 22. Qe1 $1 {
[%cal Ge1h4,Gf2f4]} f5 (22... Bc8 23. Bxc8 Rxc8 24. f4 $36) 23. f4 exf4 (23...
fxe4 24. Qxe4 exf4 25. Nxf4 Bxf4 26. Rxf4 Rxf4 27. Qxf4 Qe7 28. Rf1 $16) 24.
Nxf4 Qf6 (24... Bxf4 25. Rxf4 Bc8 $14) 25. exf5 Rae8 (25... gxf5 $5 26. Qd2 $14
) 26. Ne4 Qb2+ (26... Qd4 27. Ne6) 27. Rf2 Qxb3 28. f6 Qxc4 $2 $138 {My
opponent had already severe time troubles and made now first real mistake} ({
Correct} 28... Nf5 $1 {leads to wild complications -} 29. Ne6 (29. f7+ Kxf7 30.
Ne6 Kg8 31. Bxf5 (31. Nxf8 $2 Rxe4 $1) 31... gxf5 32. Qc3 Qxc3 33. Nxc3 Rf7)
29... Bxc4 $132 (29... Bc8 30. Bxf5 gxf5 31. Qe2 $1 Bxe6 32. Qxh5 $18) 30. Bxf5
$140 gxf5 31. Nd2 Qd3 32. Nxc4 Qxd5 $1) 29. fxg7 Bxg7 30. Be6+ Rxe6 $8 31. Nxe6
Rxf2+ 32. Nxf2 {Good enough, but} (32. Qxf2 $1 {wins easy, for example} Qxe4
33. Nxg7 Kxg7 34. Re1 Qf5 35. Qb2+ (35. Qxf5 gxf5 36. Re7+ Kf6 37. Rxc7 Bd3 38.
Rc6 Ke5 39. Rxb6 Kxd5) 35... Kf7 36. Rc1 Bc8 37. Rxc7+ Bd7 38. Kg1 $1 $18)
32... Be5 $1 33. Rd1 {[%csl Rd5]} (33. Rc1 $5 Qxd5 (33... Qxh4+ 34. Nh3 Bf1 35.
Nef4 $18) 34. Nf4 $18) 33... Qxh4+ 34. Nh3 {I thought already that game is
over , but Yemelin fight up to death!} Bf1 $3 $138 {[%mdl 64] To be honest I
overlooked this move, when Yemelin made it he had just 3 (!!) seconds left!}
35. Neg5 $138 (35. Kg1 $142 $3 Qxh3 36. Qf2 Qxg3+ 37. Qxg3 Bxg3 38. Rxf1 $18)
35... Qg4 $1 (35... Bxh3 36. Qxe5 $1) 36. Rd2 (36. Nf4 Qxg5 37. Qxf1 h4) 36...
Bxh3 37. Nxh3 h4 ({Black could organized stronger ressistance after} 37... Qxa4
$1 $16 {[%csl Ge5]}) 38. Kg2 hxg3 (38... Qxa4 $5) 39. Qb1 $1 Kg7 40. Qc2 {
[%csl Gc2] Now game is over, white's queen controles all important squares.}
Kh6 41. Rd1 $18 Qd7 42. Rh1 Kg7 43. Ng5 Kf6 44. Rh7 1-0

[Event "Sautron op 14th"]
[Site "Sautron"]
[Date "2014.10.25"]
[Round "7"]
[White "Dumitrache, Dragos Nicolae"]
[Black "Maiorov, Nikita"]
[Result "0-1"]
[WhiteElo "2413"]
[BlackElo "2583"]
[Annotator "RR"]
[PlyCount "78"]
[EventDate "2014.10.26"]
[EventType "swiss"]
[EventRounds "9"]
[EventCountry "FRA"]
[SourceTitle "EXT 2015"]
[Source "ChessBase"]
[SourceDate "2014.11.20"]
[SourceVersion "1"]
[SourceVersionDate "2014.11.20"]
[SourceQuality "1"]
[TimeControl "40/5400+30:1800+30"]
[WhiteClock "0:34:29"]
[BlackClock "0:07:37"]

1. d4 {[%emt 0:01:02]} Nf6 {[%emt 0:00:00]} 2. c4 {[%emt 0:00:19]} e6 {[%emt 0:
00:03]} 3. Nf3 {[%emt 0:00:11]} b6 {[%emt 0:00:05]} 4. g3 {[%emt 0:00:11]} Bb7
{[%emt 0:00:24]} 5. Bg2 {[%emt 0:00:05]} Be7 {[%emt 0:00:06]} 6. O-O {[%emt 0:
00:06]} O-O {[%emt 0:00:03]} 7. Re1 {[%emt 0:00:15]} (7. Nc3 {La grande ligne}
Ne4) 7... d5 {[%emt 0:00:13]} 8. cxd5 {[%emt 0:02:22]} exd5 {[%emt 0:00:03]} 9.
Nc3 {[%emt 0:00:20]} Na6 {[%emt 0:00:05]} (9... c5 10. Bf4) 10. a3 {[%emt 0:05:
43] Trop lent} (10. Bf4 $142 c5 11. Rc1 Rc8 12. Nb5 Qe8 13. a4 Ne4 14. Nxa7 Ra8
15. Nb5 c4 16. Nd2 f5 17. b3 g5 18. Nxe4 fxe4 19. Be3 Bb4 20. bxc4 Bxe1 21.
Qxe1 Qg6 22. Qd2 Rac8 23. c5 Bc6 24. Bxg5 bxc5 25. dxc5 Bxb5 26. axb5 Nb4 27.
Be3 d4 28. Qxd4 Na2 29. Qc4+ Qf7 30. Rc2 Qxc4 31. Rxc4 Rfd8 32. Bxe4 {1-0 (32)
Gelfand,B (2759)-Kosteniuk,A (2541) Sochi 2014}) (10. Ne5 $142 c5 11. Bf4)
10... Ne4 $5 $146 {[%emt 0:10:12] Une amélioration proposée par Tisdall} (
10... c5 11. Bf4 Nc7 12. Bxc7 Qxc7 13. Rc1 Qd7 14. Ne5 Qe6 15. Nd3 c4 16. Ne5
Rab8 17. e4 dxe4 18. Nxe4 Bxe4 19. Bxe4 Nxe4 20. Rxe4 Qd5 21. Qe2 f5 22. Re3 b5
23. Nc6 Qxc6 24. Rxe7 Rbe8 25. Re1 Rxe7 26. Qxe7 a6 27. Re5 f4 28. d5 Qg6 29.
Qe6+ Qxe6 30. dxe6 fxg3 31. hxg3 Re8 32. f4 Kf8 33. f5 Ke7 34. Rc5 Kf6 35. Kf2
g6 36. fxg6 hxg6 37. a4 Rb8 38. axb5 Rxb5 39. Rc6 Rxb2+ 40. Kf3 {Ibragimov,I 
(2578)-Pushkov,N (2561) Elista 2001 1/2-1/2}) 11. Ne5 {[%emt 0:03:44]} c5 {
[%emt 0:03:23]} 12. Be3 {[%emt 0:00:11]} (12. Bf4 {Plus actif} cxd4 13. Nb5 Re8
14. Nxd4 {[%csl Gd4]}) 12... Re8 {[%emt 0:27:44]} 13. Rc1 {[%emt 0:16:48]} Bf8
{[%emt 0:05:48]} 14. Nd3 {[%emt 0:08:23]} Nxc3 {[%emt 0:08:06]} 15. bxc3 $6 {
[%emt 0:06:26]} (15. Rxc3 $142 cxd4 16. Bxd4 $14 {[%csl Gd4]}) 15... cxd4 {
[%emt 0:04:20]} 16. cxd4 {[%emt 0:01:28]} Bxa3 {[%emt 0:00:31][%csl Ga7][%cal
Ga7a1]} 17. Rc3 {[%emt 0:00:05]} Bb4 {[%emt 0:02:48]} (17... Bf8 {Les
compensations des Blancs pour le P ne sont pas évidentes et la majorité du
GMI est dangereuse}) 18. Nxb4 {[%emt 0:00:07]} Nxb4 {[%emt 0:00:02]} 19. Qb3 {
[%emt 0:00:15]} a5 $1 {[%emt 0:00:11]} 20. Bc1 {[%emt 0:00:54]} (20. Rec1 Ba6)
20... Ba6 {[%emt 0:04:43]} 21. e4 {[%emt 0:06:47] Les Blancs sentent que le
sacrifice du P"a3" était douteux et ils tentent de prendre l'initiative avant
que les Noirs n'aient le temps de mobiliser la majorité de l'aile-dame} dxe4 {
[%emt 0:07:25]} 22. Rxe4 {[%emt 0:00:16]} Qd7 {[%emt 0:04:39]} 23. Ba3 {
[%emt 0:03:19]} Bb7 $17 {[%emt 0:03:28]} 24. Rxe8+ {[%emt 0:00:23]} Rxe8 {
[%emt 0:00:02]} 25. Re3 {[%emt 0:00:10]} Bxg2 {[%emt 0:01:28]} 26. Kxg2 {
[%emt 0:00:10]} Rxe3 {[%emt 0:02:50]} 27. fxe3 {[%emt 0:00:04]} Qe6 $19 {
[%emt 0:05:37]} 28. Qxe6 {[%emt 0:01:23]} fxe6 {[%emt 0:00:02]} 29. Kf3 {
[%emt 0:00:18]} Nc2 {[%emt 0:00:26]} 30. Bc1 {[%emt 0:00:50]} b5 {[%emt 0:02:
57]} (30... Kf7) 31. Ke2 {[%emt 0:00:21]} b4 {[%emt 0:00:11]} 32. Kd3 {[%emt 0:
00:38]} b3 {[%emt 0:00:06]} 33. Kc3 {[%emt 0:00:04]} a4 {[%emt 0:00:07]} 34. e4
{[%emt 0:00:15]} Kf7 {[%emt 0:00:06]} 35. g4 {[%emt 0:02:48]} Ke7 {[%emt 0:00:
08]} 36. h4 {[%emt 0:03:23]} Kd6 {[%emt 0:00:15]} 37. h5 {[%emt 0:01:25]} Kc6 {
[%emt 0:00:53]} 38. Kc4 {[%emt 0:00:20]} Ne3+ {[%emt 0:01:56]} 39. Kc3 {
[%emt 0:03:12]} Nd1+ {[%emt 0:00:27]} 0-1

[Event "Vaujany op 5th"]
[Site "Vaujany"]
[Date "2014.07.18"]
[Round "9.3"]
[White "Istratescu, Andrei"]
[Black "Maiorov, Nikita"]
[Result "0-1"]
[WhiteElo "2670"]
[BlackElo "2531"]
[Annotator "RR"]
[PlyCount "118"]
[EventDate "2014.07.10"]
[EventType "swiss"]
[EventRounds "9"]
[EventCountry "FRA"]
[SourceTitle "EXT 2017"]
[Source "ChessBase"]
[SourceDate "2016.10.25"]
[SourceVersion "1"]
[SourceVersionDate "2016.10.25"]
[SourceQuality "1"]

1. d4 {Une partie à enjeu dans cette dernière ronde mais les deux
adversaires vont jouer pour le gain} Nf6 2. c4 e6 3. Nf3 b6 4. g3 Bb7 5. Bg2
Be7 6. O-O O-O 7. Re1 (7. Nc3 {La grande ligne mais la partie va transposer
ensuite} Ne4) 7... d5 (7... Na6) (7... c5 8. d5 exd5 9. Nh4 $44 {[%cal Gg2b7]})
8. cxd5 exd5 9. Nc3 Na6 (9... c5) 10. Bf4 Re8 (10... c5 11. dxc5 (11. Rc1 Ne4
12. dxc5 Naxc5 13. Be5 Re8 14. Nb5 Bf8 15. b4 Ne6 16. Qb3 $14 {[%csl Rb7,Rd5]})
11... bxc5 12. Qb3 Qc8 13. Ne5 Rd8 14. Bh3 Qxh3 15. Qxb7 Bd6 16. Qxf7+ Kh8 17.
Nxd5 Bxe5 18. Bxe5 Rf8 19. Qb7 Rab8 20. Qxa7 Ra8 21. Qb7 Rab8 22. Nf4 Qxh2+ 23.
Kxh2 Rxb7 24. Kg2 Kg8 25. f3 Nd7 26. Bc3 Nb6 27. Rac1 Na4 28. b3 Nxc3 29. Rxc3
Rd8 30. Nd3 Re7 31. Kf2 Rd5 32. Rh1 {1-0 (32) Yu,Y (2724)-Sargissian,G (2668)
Tsaghkadzor 2015}) 11. Rc1 h6 (11... c5 {Plus courant}) 12. a3 {Une nouveauté
dans cet ordre de coups mais en fait, c'est une simple transposition} c5 13. h4
$146 {[%csl Gg5]} (13. dxc5 bxc5 14. Ne5 Bd6 15. Nd3 Rb8 16. e3 d4 17. Bxd6
Qxd6 18. Bxb7 dxc3 19. Bxa6 cxb2 20. Nxb2 Qxa6 21. Qa4 Qxa4 22. Nxa4 Rb3 23.
Nxc5 Rxa3 24. e4 Ra2 25. h3 Re7 26. e5 {1/2-1/2 (26) Brodsky,M (2595)-Podgaets,
M (2460) Odessa 2007}) (13. Ne5 Bf8) 13... Bf8 14. e3 Qe7 (14... Nh5 15. Ne5
Nxf4 16. exf4 $14 {[%csl Ge5]}) 15. Qa4 Nc7 16. Be5 $14 Red8 17. Red1 Nce8 18.
Bxf6 {Un échange luttant pour les cases centrales et les Blancs évitent le
risque d'enfermer le Be5} Nxf6 19. Ne5 $1 {[%csl Rb7,Gc6,Ge5][%cal Ge5c6] Les
Noirs n'ont toujours pas égalisé} Rdc8 20. f4 $5 {[%csl Ge5]} a6 21. Qb3 cxd4
22. exd4 Qd6 23. g4 (23. Na4 $5 b5 24. Nc5 {[%csl Gc5]}) 23... Rd8 24. Na4 (24.
g5 Nh5) 24... b5 25. Nc5 $16 {[%csl Rb7,Gc5,Ge5]} Bc8 26. f5 $1 {[%csl Rc8]}
Ra7 27. Ncd3 $1 h5 28. Rc6 $36 Qe7 29. g5 Ng4 30. Nxg4 hxg4 31. Re1 Qb7 32. Ne5
Bd7 33. Bxd5 $1 Bxc6 34. Nxc6 Rd6 35. Ne7+ Qxe7 36. Rxe7 Rxe7 37. Bxf7+ $1 Kh8
(37... Rxf7 38. g6) 38. Be6 Rxd4 39. Qc3 $1 {[%cal Gc3h8,Gh4h6] Pour l'instant,
la Q Blanche domine les R mais en présence de B de couleurs opposées, les
chances sont réciproques} Rd1+ 40. Kf2 Re8 41. f6 (41. Kg3 Rg1+) 41... Red8 $1
{[%cal Gd8d2,Gd1d2] Liant les R et l'activité est souvent un facteur plus
important que le matériel dans ce genre de position aigüe} 42. Bxg4 R1d2+ 43.
Be2 R2d4 44. Qc7 $6 (44. Qf3 $18 {[%cal Gf3f6,Gf3h5]}) 44... gxf6 45. gxf6 R8d6
46. f7 Rf6+ 47. Ke3 Rdd6 $13 48. Bg4 Kg7 49. a4 Rxf7 50. Qc3+ Kh7 51. Qc2+ Kh8
52. axb5 Bh6+ $1 {[%csl Re3] Retour de baton pour le K Blanc} 53. Ke4 axb5 54.
Qc5 $2 (54. Ke5) 54... Rf4+ 55. Ke5 Rxg4 $1 56. Qxb5 (56. Qxd6 Bf4+) (56. Kxd6
Bf8+) 56... Rgd4 57. Qb8+ Rd8 58. Qb7 Bg7+ 59. Kf5 Kh7 0-1

[Event "URS-chT Cup 11th 1st league"]
[Site "Jurmala"]
[Date "1980.05.??"]
[Round "1.1"]
[White "Sveshnikov, Evgeny"]
[Black "Sturua, Zurab"]
[Result "1/2-1/2"]
[WhiteElo "2520"]
[BlackElo "2420"]
[Annotator "RR"]
[PlyCount "89"]
[EventDate "1980.05.23"]
[EventType "team-tourn"]
[EventRounds "6"]
[EventCountry "LAT"]
[SourceTitle "EXT 2020"]
[Source "ChessBase"]
[SourceDate "2019.10.17"]
[SourceVersion "1"]
[SourceVersionDate "2019.10.17"]
[SourceQuality "1"]
[WhiteTeam "Zenit"]
[BlackTeam "Gantiandi"]
[WhiteTeamCountry "URS"]
[BlackTeamCountry "URS"]

1. c4 Nf6 2. Nf3 b6 3. g3 Bb7 4. Bg2 e6 5. O-O Be7 6. d4 O-O 7. d5 $1 exd5 8.
Nd4 Nc6 (8... c6 $142 {Bronstein,D (2550)-Balashov,Y (2590) Cup URS (Team-II
Group) 1980 1/2}) 9. cxd5 Nxd4 10. Qxd4 c5 11. Qd3 d6 12. Nc3 Re8 13. Bf4 a6
14. a4 g6 15. Rad1 Bf8 16. Rfe1 Bc8 17. h3 Rb8 18. g4 b5 19. axb5 axb5 20. b4
cxb4 21. Na2 Qa5 22. Qb3 Qa4 23. Rb1 h5 24. g5 Ne4 25. Nxb4 Bf5 26. Nd3 Bg7 27.
Rec1 Nc3 28. Rxc3 Bxc3 29. Qxc3 Bxd3 30. Rb4 Rbc8 31. Rxa4 Rxc3 32. Ra7 Bxe2
33. Bxd6 Bf3 34. Be7 Bxg2 35. Kxg2 Rd3 36. d6 b4 37. Rb7 b3 38. Kf1 h4 39. Kg2
f5 40. gxf6 Kf7 41. Kf1 Ke6 42. Ke2 Rxd6 43. Bxd6 Kxd6+ 44. Kf3 Ke6 45. Kg4
1/2-1/2